Favoriti ráznym krokom 1. hokejová liga - 4. kolo: Nitrania s treťou prehrou

Bibliographic Details
Format: Article
Language:Slovak
Subjects:

MARC

LEADER 00000nab a2200000 a 4500
001 vtls000700678
003 SK-MaSNL
005 20260302195208.0
008 180207c1999 xo 0 slo
015 |a SNBRB1999/09-21340 
035 |a CLN000052845 
040 |a SNKBUCL  |b slo  |c SNKBUCL  |e AACR2 
041 0 |a slo 
044 |a xo  |c SK 
080 |a 796.966.093.1  |2 UDC-MRF-SK2 
245 0 0 |a Favoriti ráznym krokom  |b 1. hokejová liga - 4. kolo: Nitrania s treťou prehrou 
650 0 7 |a hokej ľadový  |x liga 1.  |y sezóna 1999/2000  |x kolo 4.  |2 snkbucl  |9 916361 
655 7 |a články z novín a časopisov  |2 snkbucl  |9 267496 
773 0 |t Šport  |g Roč. 53, č. 221 (25.9.1999), s. 4 
850 |a Slovenská národná knižnica v Martine 
852 |a SNK  |b KIS3GCP 
958 |a RBX 
999 |c 1451663  |d 1453593